[Event "Baden-ch U10"]
[Site "Ettlingen"]
[Date "2014.01.04"]
[Round "6"]
[White "Trifan, Andrei Ioan"]
[Black "Kuehn, Laszlo"]
[Result "1-0"]
[WhiteElo "1537"]
[BlackElo "883"]
[PlyCount "41"]
[EventDate "2014.01.??"]
[EventType "swiss"]
[EventRounds "7"]
[EventCountry "GER"]
[SourceTitle "EXT 2022"]
[Source "ChessBase"]
[SourceDate "2021.10.06"]
[SourceVersion "1"]
[SourceVersionDate "2021.10.06"]
[SourceQuality "1"]

1. e4 e5 2. Nf3 Nc6 3. Bc4 Bc5 4. 0-0 Nf6 5. d4 Bxd4 6. Nxd4 Nxd4 7. Nc3 0-0 8. f4 d6 9. fxe5 dxe5 10. Bg5 c6 11. Bxf6 gxf6 12. Ne2 Bg4 13. c3 Nxe2+ 14. Bxe2 Bxe2 15. Qxe2 Qd7 16. Rxf6 Kg7 17. Raf1 Rfe8 18. Qh5 Rf8 19. Qxe5 Qc8 20. Rxf7+ Kg8 21. Qg7# 1-0